000 00817nam a2200241Ia 4500
008 191130s2009##################000#0#eng##
020 _a9780748621422
022 _a2009529810
040 _aACL
_cACL
082 _a206.097309047 KAU
100 _aKaufman, Will
245 _aAmerican culture in the 1970s
_cWill Kaufman
260 _aEdinburgh
_bEdinburgh University Press
_cc2009
300 _axxxi, 231 p. : ill. ; 24 cm
500 _aIncludes bibliographical references (p. [208]-224) and index
650 _aNineteen seventies
650 _aPopular culture - United States - History - 20th century
650 _aUnited States - Civilization - 1970-
650 _aUnited States - Social life and customs - 1971-
990 _a13586f75ac10000c6375762e4425a42f
991 _a77392
999 _c244330
_d244330